| 000 | 01219 a2200193 4500 | ||
|---|---|---|---|
| 008 | 090304t xxu||||| |||| 00| 0 eng d | ||
| 010 | _aBPPD-H1298 B-303005 | ||
| 020 |
_a8171787932 _c225.00 भा-1 |
||
| 082 | _a820.8 | ||
| 100 | _aसोबती, कृष्णा | ||
| 245 |
_aहम हशमत / _cकृष्णा सोबती |
||
| 260 |
_aनई दिल्ली _bराजकमल प्रकाशन _c1999 |
||
| 270 |
_a1-बी, नेताजी सुभाष मार्ग, _bनई दिल्ली _cदिल्ली _e110002 |
||
| 300 |
_a271पृ. _c22 सेमी (सजिल्द) |
||
| 490 | _v2 भाग | ||
| 942 |
_adpl _cHN _k _2ddc _h820.8 _mसोबती |
||
| 999 |
_c13059 _d13059 |
||